| 000 | 00740cab a2200253 4500 | ||
|---|---|---|---|
| 001 | WB3201-59 | ||
| 008 | 090401t1996 xxu||||| |||| 00| 0 eng d | ||
| 035 | _a(Sirsi) u11893 | ||
| 041 | _aeng | ||
| 245 | _aHarmonising non-domestic rates | ||
| 260 | _c1996 | ||
| 350 | _a0 | ||
| 490 |
_aHerald _v1 January 1996, 17(1) |
||
| 520 | _aA Private Members Bill "Non-domestic Rating (Information) Bill" if passed would harmonise Scottish and English non-domestic rates. | ||
| 650 | _aBUSINESS RATES | ||
| 650 | _aENGLAND | ||
| 650 | _aHARMONISATION | ||
| 650 | _aNON-DOMESTIC RATES | ||
| 650 | _aNON-DOMESTIC RATING (INFORMATION) BILL | ||
| 650 | _aSCOTLAND | ||
| 690 | _aRATING AND VALUATION | ||
| 942 | _n0 | ||
| 948 | _c04/03/1997 | ||
| 999 |
_c7602 _d7602 |
||